00829nam a2200229 a 4500001001000000003000900010005001700019007000300036008004100039040002500080082001500105100002700120245005200147260004500199300003000244590002700274590007300301910001400374942001400388952018000402999001700582000033461DO-SdBNP20220728105951.0ta110830s1904 dr c 000 0 spa d aDO-SdBNPbspacBNPHU axxxbB598e aBillini, Miguel95899810aEstela :bnovela sociologica /cMiguel Billini. aSanto Domingo :bListín Diario,c1904. a148 p. :bretr. ;c21 cm. aInventariado, 2022/ YL aPerteneció a la biblioteca personal de Carlos Larrazábal Blanco. aYLockward 2ddccLBS1 00102ddc51708PD-RVaBNPHUbBNPHUcCTd2011-08-30iLF1oxxx B598ep33461-10r2020-06-25w2020-06-25yLBS1zPerteneció a la biblioteca personal de Carlos Larrazabal Blanco c32952d32952